000 00576cam a22002171 4500
001 sa 68002184
003 DLC
005 20260227112440.0
008 881028s1967 xx 000 0 benr
010 _asa 68002184
035 _a(OCoLC)23576171
040 _aDLC
_cMiU
_dDLC
042 _apremarc
050 0 0 _aPK1711
_b.B54
100 1 _aBhattacharya, Shakti,
_d1931-
245 1 0 _aBāṇalā aitihāsika nāṭaka.
260 _a[n.p.]
_c[1967]
300 _a11, 346 p.
_c23 cm.
500 _aRomanized.
650 0 _aHistorical drama, Bengali
_xHistory and criticism.
999 _c78507
_d78507